中国相距最近的城市接龙挑战2 - 全国空白地图版 - Statistics

General Stats
  • This quiz has been taken 629 times
  • The average score is 114 of 344
Answers on the Map
Answers color-coded by a green-red scale on the quiz's map according to % correct below.
 
Answer Stats
城市 % Correct
苏州
100%
无锡
95%
常州
93%
镇江
90%
扬州
87%
泰州
84%
盐城
81%
淮安
79%
宿迁
78%
徐州
77%
淮北
68%
宿州
66%
蚌埠
64%
淮南
63%
合肥
63%
六安
62%
阜阳
57%
亳州
56%
商丘
56%
菏泽
55%
濮阳
54%
安阳
53%
鹤壁
52%
邯郸
52%
邢台
52%
石家庄
52%
阳泉
52%
晋中
51%
太原
51%
忻州
50%
朔州
50%
大同
50%
乌兰察布
50%
呼和浩特
50%
包头
50%
鄂尔多斯
50%
榆林
50%
吕梁
50%
临汾
50%
运城
50%
三门峡
50%
洛阳
50%
焦作
50%
晋城
49%
长治
49%
新乡
48%
开封
48%
郑州
48%
许昌
48%
漯河
47%
驻马店
47%
信阳
47%
随州
47%
孝感
46%
武汉
46%
黄冈
46%
鄂州
46%
黄石
46%
咸宁
45%
岳阳
45%
益阳
44%
长沙
44%
湘潭
44%
株洲
44%
萍乡
44%
宜春
44%
新余
44%
吉安
44%
赣州
44%
韶关
44%
郴州
43%
衡阳
43%
娄底
43%
邵阳
43%
永州
42%
桂林
42%
柳州
42%
来宾
41%
贵港
41%
玉林
41%
茂名
41%
湛江
41%
北海
40%
钦州
40%
防城港
40%
南宁
40%
崇左
40%
百色
40%
河池
40%
黔南州·都匀
39%
黔东南州·凯里
38%
贵阳
38%
安顺
38%
六盘水
38%
毕节
38%
昭通
38%
凉山州·西昌
38%
攀枝花
38%
丽江
38%
迪庆州·香格里拉
38%
怒江州·泸水
37%
保山
37%
德宏州·芒市
37%
普洱
37%
西双版纳州·景洪
37%
红河州·蒙自
37%
文山州·文山
37%
临沧
36%
黔西南州·兴义
36%
曲靖
36%
昆明
36%
玉溪
36%
楚雄州·楚雄
35%
大理州·大理
35%
甘孜州·康定
34%
雅安
34%
眉山
34%
乐山
34%
自贡
34%
内江
34%
资阳
34%
成都
34%
德阳
34%
绵阳
34%
南充
34%
广安
34%
遂宁
33%
重庆
33%
泸州
33%
宜宾
33%
遵义
33%
铜仁
33%
怀化
33%
湘西州·吉首
33%
张家界
33%
常德
33%
荆州
33%
荆门
33%
宜昌
33%
襄阳
33%
南阳
33%
平顶山
33%
周口
32%
济宁
31%
枣庄
31%
临沂
31%
连云港
31%
日照
31%
青岛
31%
潍坊
31%
东营
31%
济南
31%
泰安
31%
聊城
31%
德州
31%
衡水
31%
沧州
31%
天津
31%
廊坊
31%
北京
31%
保定
31%
张家口
31%
承德
31%
唐山
31%
秦皇岛
31%
葫芦岛
31%
滨州
30%
淄博
30%
锦州
30%
朝阳
30%
阜新
30%
盘锦
29%
营口
29%
鞍山
29%
辽阳
29%
本溪
29%
沈阳
29%
抚顺
29%
铁岭
29%
四平
29%
辽源
29%
长春
29%
吉林
29%
松原
29%
哈尔滨
29%
绥化
29%
大庆
29%
齐齐哈尔
29%
兴安盟·乌兰浩特
29%
白城
29%
通辽
29%
赤峰
29%
锡林郭勒盟·锡林浩特
29%
呼伦贝尔
28%
大兴安岭地区·加格达奇
28%
黑河
28%
伊春
28%
鹤岗
28%
佳木斯
28%
双鸭山
28%
七台河
28%
鸡西
28%
牡丹江
27%
延边州·延吉
27%
白山
27%
通化
27%
丹东
27%
大连
27%
烟台
27%
威海
27%
南通
27%
嘉兴
27%
湖州
27%
杭州
27%
绍兴
27%
宁波
27%
舟山
27%
台州
27%
温州
27%
丽水
27%
金华
27%
衢州
27%
黄山
27%
景德镇
27%
鹰潭
27%
抚州
27%
南昌
27%
九江
27%
安庆
27%
池州
27%
铜陵
26%
芜湖
26%
马鞍山
26%
南京
26%
滁州
26%
宣城
26%
上饶
26%
南平
26%
三明
26%
龙岩
26%
漳州
26%
厦门
26%
泉州
26%
莆田
26%
福州
26%
宁德
26%
桃园
24%
新北
24%
台北
24%
台中
24%
台南
24%
高雄
23%
汕头
23%
潮州
23%
揭阳
23%
梅州
23%
河源
23%
惠州
23%
深圳
23%
香港
22%
珠海
22%
澳门
22%
中山
22%
江门
22%
佛山
22%
广州
22%
东莞
22%
清远
22%
肇庆
22%
云浮
22%
梧州
22%
贺州
22%
阳江
22%
海口
22%
儋州
22%
三亚
22%
三沙
22%
汕尾
21%
恩施州·恩施
21%
巴中
21%
广元
21%
汉中
21%
宝鸡
21%
天水
21%
达州
20%
平凉
20%
固原
20%
庆阳
20%
铜川
19%
西安
19%
咸阳
19%
渭南
19%
商洛
19%
安康
18%
十堰
18%
延安
18%
吴忠
18%
银川
18%
石嘴山
18%
阿拉善盟·阿拉善左旗
18%
乌海
18%
巴彦淖尔
18%
中卫
18%
白银
18%
兰州
18%
临夏州·临夏
18%
甘南州·合作
18%
黄南州·同仁
18%
海东
18%
西宁
18%
海北州·海晏
18%
海南州·共和
18%
果洛州·玛沁
18%
阿坝州·马尔康
17%
陇南
17%
定西
17%
武威
17%
金昌
17%
张掖
17%
酒泉
17%
嘉峪关
17%
海西州·德令哈
16%
玉树州·玉树
16%
昌都
16%
林芝
16%
山南
16%
拉萨
16%
日喀则
16%
那曲
16%
阿里地区·噶尔
16%
和田地区·和田
16%
喀什地区·喀什
16%
克孜勒苏州·阿图什
16%
阿克苏地区·阿克苏
16%
伊犁州·伊宁
16%
博尔塔拉州·博乐
16%
塔城地区·塔城
16%
克拉玛依
16%
昌吉州·昌吉
15%
乌鲁木齐
15%
吐鲁番
15%
巴音郭楞州·库尔勒
14%
哈密
14%
阿勒泰地区·阿勒泰
14%
No matching quizzes found
Score Distribution
Percent of People with Each Score
Percentile by Number Answered
Your Score History
You have not taken this quiz